[Event "HUN-chT3"]
[Site "Hungary"]
[Date "1995.??.??"]
[Round "?"]
[White "Orosz, Zoltan"]
[Black "Demeter, Vilmos"]
[Result "1/2-1/2"]
[WhiteElo "2095"]
[BlackElo "2165"]
[PlyCount "48"]
[EventDate "1995.??.??"]
[EventType "team"]
[EventRounds "11"]
[EventCountry "HUN"]
[SourceTitle "EXT 2001"]
[Source "ChessBase"]
[SourceDate "2000.11.22"]
[SourceVersion "1"]
[SourceVersionDate "2000.11.22"]
[SourceQuality "1"]

1. e4 c5 2. Nf3 d6 3. d4 cxd4 4. Nxd4 Nf6 5. Nc3 a6 6. a4 e5 7. Nde2 Nc6 8. h3 Be7 9. Be3 Be6 10. Qd2 d5 11. exd5 Nxd5 12. Nxd5 Qxd5 13. Qxd5 Bxd5 14. 0-0-0 Be6 15. Bb6 Rc8 16. Nc3 Nb4 17. Be2 Bf5 18. Bg4 Bxg4 19. hxg4 Bc5 20. Bxc5 Rxc5 21. Rd2 Ke7 22. Rhd1 Rc7 23. Re1 f6 24. Re4 a5 1/2-1/2